000 00701nam a2200229Ia 4500
008 100315s9999 xx 000 0 und d
040 _cENGLISH 
082 _b10063 
_a338.0954 
100 _a"Kuchhal, S.C. "
245 _aThe Industrial Economy of India
260 _aAllahabad 
_bCHAITANYA  
_c1987 
300 _a447 
365 _eRupees 
_d
_b50.00 
366 _f
505 _gVaibhav Gaikwad 
530 _bDonated By RBI Library  
620 _a"The Industrial Economy of India, Industrial Economics, RBI Book "
630 _aThe Industrial Economy of India
650 _aIndustrial Economics 
730 _aThe Industrial Economy of India
942 _cBOOK
999 _c484797
_d484794